000 01098nam a2200337Ia 4500
005 20220317001817.0
008 170328s2011 sp g 000 j spa
020 _a9788499081168
041 _aspa
100 1 _aJames, Henry
_d1843-1916
245 1 0 _aOtra vuelta de tuerca
_cHenry James ; traducción de Antonio Desmonts
250 _a2a. edición
300 _a202 páginas
_c19 cm
490 _aClásica
500 _aIncluye datos biográficos del autor
521 _aRecomendado desde los 12 años
534 _tThe turn of the screw
650 1 4 _2LEMB
_aNovela juvenil inglesa
_ySiglo XX
650 1 4 _2LEMB
_aLiteratura juvenil inglesa
_ySiglo XX
650 1 4 _2LEMB
_aFantasmas en la literatura
650 1 4 _2LEMB
_aNiñeras en al literatura
650 1 4 _2LEMB
_aTerror en la literatura
700 1 _aDesmonts, Antonio
_991246
942 _2loc
_cBKLIT
264 _aBarcelona
_bDebolsillo
_c2011
336 _atexto
_btxt
_2rdacontent
337 _asin mediación
_bn
_2rdamedia
338 _avolumen
_bnc
_2rdacarrier
040 _aCO-BoRNBP
_bspa
_erda
_cCO-BoRNBP
084 _aN JAM1
999 _c8175
_d8175